Carleton's hand-book of popular quotations. (Record no. 959)

000 -LEADER
fixed length control field 00516nam a2200169 a 4500
001 - CONTROL NUMBER
control field :::00014138$&:&@@
003 - CONTROL NUMBER IDENTIFIER
control field OkBaRHE
005 - DATE AND TIME OF LATEST TRANSACTION
control field 20100325145745.0
008 - FIXED-LENGTH DATA ELEMENTS--GENERAL INFORMATION
fixed length control field s1877 j 000 0 eng u
040 ## - CATALOGING SOURCE
Transcribing agency
245 10 - TITLE STATEMENT
Title Carleton's hand-book of popular quotations.
260 ## - PUBLICATION, DISTRIBUTION, ETC. (IMPRINT)
Place of publication, distribution, etc New York, NY., :
Name of publisher, distributor, etc G. W. Carleton & Co.
Date of publication, distribution, etc 1877
300 ## - PHYSICAL DESCRIPTION
Extent 340 p. ;
Dimensions 19 cm.
650 ## - SUBJECT ADDED ENTRY--TOPICAL TERM
Topical term or geographic name as entry element Quotations
942 ## - ADDED ENTRY ELEMENTS (KOHA)
Source of classification or shelving scheme
Koha item type Books
Copies
Full call number Date last seen Permanent Location Damaged status Not for loan Shelving location Koha item type Source of classification or shelving scheme Lost status Collection code Date acquired Price effective from Barcode Copy number Withdrawn status
PE 1628 .F652010-04-14RHEMA Bible Training College  General StacksBooks  Reference2010-04-142010-04-14141381